Histoire de l'Europe par lettre - I - Statistiques

Statistiques générales
  • Ce quiz a été pris 120 fois
  • Le résultat moyen est 10 sur 20
Statistiques - réponses
Indice Réponse % Correct
Oeuvre d'Homère racontant la guerre de Troie Illiade
97%
Cette "révolution" causée par la machine à vapeur se répand dans le monde entier depuis le nord de l'Angleterre Révolution {Industrielle}
88%
Tsar de Russie réputé pour sa cruauté Ivan le Terrible
83%
Courant artistique de la seconde moitié du XIXème siècle, ses grands noms sont Monet, Renoir ou Berthe Morisot Impressionnisme
79%
Tribunal médiéval chargé de lutter contre l'hérésie Inquisition
73%
Peuple vivant dans l'Espagne antique, ils donnent leur nom à la péninsule Ibères
71%
Île dont Ulysse est roi, dans la mythologie grecque Ithaque
70%
Groupe armé s'étant battu pour l'indépendance de l'Irlande IRA
68%
Première reine d'Espagne Isabelle la Catholique
67%
Chanteur espagnol aux 250 millions d'albums vendus Julio Iglesias
62%
Victoire napoléonienne sur la Prusse en 1806 Iéna
58%
Nom porté par 13 papes Innocent
53%
Campagne napoléonienne de 1796/1797 qui révèle le général Campagne d'{Italie}
51%
Religieux espagnol, fondateur des Jésuites {Ignace} de Loyola
36%
Première femme à règner sur l'Empire Byzantin en tant que Basileus Irène l'Athénienne
26%
Région de la Grèce antique sous domination perse Ionie
17%
Dramaturge norvégien auteur de Peer Gynt et Une maison de Poupées Henrik Ibsen
16%
Province romaine sur la côte adriatique Illyrie
16%
Maison médiévale à la tête du Comté de Bourgogne ou de la Castille, celle de Blanche de Castille et Calixte II Ivrée
3%
Synode de 948 devant statuer sur un schisme de l'archidiocèse de Reims Synode d'{Ingelheim}
3%
Aucun quiz correspondant
Distribution des résultats
% des personnes avec chaque résultat
Percentile par nombre de réponses
Votre historique - résultats
Vous n’avez pas pris ce quiz